| 000 | 00539nam a2200157Ia 4500 | ||
|---|---|---|---|
| 003 | Ost | ||
| 005 | 20260507075701.0 | ||
| 008 | 260507s9999||||xx |||||||||||||| ||und|| | ||
| 040 | _cfsecg | ||
| 041 | _aara | ||
| 100 |
_aالصبان، محمد سمير _eمؤلف |
||
| 245 | 0 |
_aالاسس العلمية والعملية لمراجعة الحسابات / _c محمد سمير الصبان |
|
| 260 |
_aالاسكندرية: _bدار الجامعية, _c2002 |
||
| 653 | _aاسس علمية - مراجعة حسابات | ||
| 942 | _cكتاب | ||
| 999 |
_c45823 _d45823 |
||